000 00402nam a22001697a 4500
005 20160527105646.0
008 160527b xxu||||| |||| 00| 0 eng d
020 _a0-07-058582-2
041 _aeng
082 _b5406
100 _aNargundkar, Rajendra
_91350
245 _aService Marketing
260 _aNew Delhi
_bAcademic Faundation
300 _a346
650 _aManagement
_9241
942 _cBK
999 _c1925
_d1924